Sports Quiz

Random Sports or Numbers Quiz

NASCAR Champions Quiz Stats

 Plays Quiz Updated Nov 21, 2018

Support Sporcle.
Go Orange.
Score 0/72 Timer 08:00
5 Plays Today
Year Champion % Correct
2006Jimmie Johnson
94%
2007Jimmie Johnson
94%
2008Jimmie Johnson
94%
1980Dale Earnhardt
93.2%
1986Dale Earnhardt
93.2%
1987Dale Earnhardt
93.2%
1990Dale Earnhardt
93.2%
1991Dale Earnhardt
93.2%
1993Dale Earnhardt
93.2%
1994Dale Earnhardt
93.2%
1995Jeff Gordon
92.8%
1997Jeff Gordon
92.8%
1998Jeff Gordon
92.8%
2001Jeff Gordon
92.8%
2016Jimmie Johnson
92.6%
2013Jimmie Johnson
91.9%
1964Richard Petty
90%
1967Richard Petty
90%
1971Richard Petty
90%
1972Richard Petty
90%
1974Richard Petty
90%
1975Richard Petty
90%
1979Richard Petty
90%
2019Kyle Busch
89.1%
1954Lee Petty
86.4%
1958Lee Petty
86.4%
1959Lee Petty
86.4%
2002Tony Stewart
86.2%
2005Tony Stewart
86.2%
2015Kyle Busch
85.8%
2011Tony Stewart
84.7%
2020Chase Elliott
83%
2018Joey Logano
79.9%
2017Martin Truex Jr.
79.3%
2009Jimmie Johnson
78.4%
2004Kurt Busch
77.4%
Year Champion % Correct
2014Kevin Harvick
74.4%
2003Matt Kenseth
70.5%
2000Bobby Labonte
70.2%
1984Terry Labonte
69.7%
1996Terry Labonte
69.7%
1999Dale Jarrett
68.9%
2010Jimmie Johnson
68%
2012Brad Keselowski
67.3%
1981Darrell Waltrip
67%
1982Darrell Waltrip
67%
1985Darrell Waltrip
67%
1961Ned Jarrett
65.9%
1965Ned Jarrett
65.9%
1976Cale Yarborough
60.3%
1977Cale Yarborough
60.3%
1978Cale Yarborough
60.3%
1989Rusty Wallace
59.5%
1983Bobby Allison
56.7%
1988Bill Elliott
56.2%
1992Alan Kulwicki
47.6%
1966David Pearson
43.8%
1968David Pearson
43.8%
1969David Pearson
43.8%
1973Benny Parsons
35.7%
1956Buck Baker
31.6%
1957Buck Baker
31.6%
1952Tim Flock
28.6%
1955Tim Flock
28.6%
1949Red Byron
26.9%
1951Herb Thomas
22.3%
1953Herb Thomas
22.3%
1962Joe Weatherly
21.7%
1963Joe Weatherly
21.7%
1970Bobby Isaac
21.7%
1960Rex White
20.5%
1950Bill Rexford
16.9%

From the Vault

NFL Passing Yard Leaders by Team

by El_Dandy

Sports 8m
You won't want to pass on this.
Remove Ads.
Support Sporcle.
Get the best of Sporcle when you Go Orange. This ad-free experience offers more features, more stats, and more fun while also helping to support Sporcle. Thank you for becoming a member.

Show Comments

Extras

Top Quizzes Today


Score Distribution

Your Account Isn't Verified!

In order to create a playlist on Sporcle, you need to verify the email address you used during registration. Go to your Sporcle Settings to finish the process.

Report this User

Report this user for behavior that violates our Community Guidelines.

Details: